000 00648nam a22002057a 4500
003 koha_MIRAKIL
005 20241210145950.0
008 241210b tur||||| |||| 00| 0 tur d
020 _a9789756093924
040 _aTR-IsEVY
_btur
_cTR-IsEVY
082 _aFIC
_bYAL/C
100 _aYalçın Okur, Dilara
245 0 _aCesur aktör Gerçekler Ormanı'nda /
_cDilara Yalçın Okur ; resimleyen Vicdan İleri.
250 _a4. bs.
260 _aAnkara :
_bElma Yayınevi,
_c2019.
300 _a46 s. :
_brenkli resimli ;
_c21 cm.
650 _aÇocuk Edebiyatı.
_vÇocuk Hikayeleri.
700 1 _aİleri, Vicdan.
_cresimleyen.
942 _2ddc
_cBK
999 _c21216
_d21216